Regulačné opatrenia a riziká v bankovom sektore v čase pandémie COVID-19 bakalárska práca

Gespeichert in:
Bibliographische Detailangaben
1. Verfasser: Ravaszová, Viktória
Körperschaft: Národohospodárska fakulta EU. Katedra bankovníctva a medzinárodných financií
Weitere Verfasser: Sljuka, Nina, 1996-
Format: Buch
Sprache:Slowakisch
Veröffentlicht: Bratislava 2023
Tags: Tag hinzufügen
Keine Tags, Fügen Sie das erste Tag hinzu!

MARC

LEADER 00000nbm a2200000 4500
001 0294575
005 20231025093611.3
041 0 |a slo 
044 |a SK 
245 1 0 |a Regulačné opatrenia a riziká v bankovom sektore v čase pandémie COVID-19  |b bakalárska práca  |c Viktória Ravaszová ; školiteľ: Nina Sljuka 
264 1 |a Bratislava  |c 2023 
300 |a 50 s. 
100 1 |a Ravaszová, Viktória 
700 1 |a Sljuka, Nina, 1996- 
710 2 |a Národohospodárska fakulta EU. Katedra bankovníctva a medzinárodných financií